000 00609nam a2200229Ia 4500
003 OSt
005 20221005101656.0
006 a|||||r|||| 00| 0
007 ta
008 221004b |||||||| |||| 00| 0 mal d
024 _a58587
037 _cTextual
040 _aCRL
_cCRL
_bmal
041 _2mal
_amal
082 _aU8.435.N5, 32J7
100 _aPottekkatt S K Au.
_9591431
245 0 _aMalayanadukalil
260 _aTrichur
_bThe mangalodayam India
_c1957
650 _aTRAVEL
942 _hU8.435.N5, 32J7
_cTEXL
_2cc
999 _c1007177
_d1007177